000 00577nam a2200205 u 4500
005 20250307063823.0
008 190128s2013 mx r 000 0 spa d
020 _a9786077079255
035 _aUPN01000228659
049 _aCG
050 4 _aBF455
_bR3.3
100 1 _aRamírez, Felipe
_942577
245 1 0 _aCognotécnicas :
_bherramientas para pensar más y mejor /
_cFelipe Ramírez.
260 _aMéxico :
_bAlfaomega,
_c2013.
300 _a143 p. :
_bil.
650 4 _aPensamiento
_95399
650 4 _aINTERES (PSICOLOGIA)
_919312
905 _aLibro
999 _c200754
_d200754